| 000 | 01592cam a22003974i 4500 | ||
|---|---|---|---|
| 003 | PE-LiUPU | ||
| 005 | 20250731183423.0 | ||
| 008 | 150706s r 000 0 d | ||
| 020 | _a9788425220357 | ||
| 035 | _a(Sirsi) i9788425220357 | ||
| 040 |
_aPE-LiUPU _bspa _cPE-LiUPU _erda |
||
| 049 | _aPRUA | ||
| 082 | 0 | 4 |
_a720 _bH21 _221 |
| 100 | 1 |
_aHearn, Fil, _eautor. |
|
| 245 | 1 | 0 |
_aIdeas que han configurado edificios / _cFil Hearn. |
| 264 | 1 |
_aBarcelona : _bGustabo Gil, _c2003. |
|
| 300 |
_a352 páginas : _bilustraciones diagramas ; _c21 centímetros |
||
| 336 |
_atext _2rdacontent |
||
| 337 |
_aunmediated _2rdamedia |
||
| 338 |
_avolume _2rdacarrier |
||
| 504 | _aIncluye bibliografía. | ||
| 505 | 0 | _aLa teoría de la arquitectura es cosas de todos Fundamentos (importantes para cualquier teoría) -- Principios (la teoría des de 1800 hasta 1965) -- Circunvoluciones (la teoría desde 1965). | |
| 526 | _aP158 | ||
| 526 | _aP146 | ||
| 526 | _aP17 | ||
| 526 | _aP12 | ||
| 526 | _aP06 | ||
| 541 | _g003-001064; | ||
| 650 | 0 | 4 |
_aArquitectura _xTeoría _xHistoria . |
| 910 |
_agl _bjv _cng _d20091014 |
||
| 942 |
_2ddc _cBOOK |
||
| 949 |
_a720 H21 _wDEWEY _c1 _i60564 _lCCODEBUL1 _mBUL _p43.00 _r0 _sY _tBOOK _u2015-7-6 _xINGENIERIA _PP06 _0COMPRA _o.STAFF. Colección General |
||
| 994 |
_aC0 _bPEPRU |
||
| 596 | _a1 | ||
| 999 |
_a720 H21 _wDEWEY _c49986 _i60564 _f2021-11-9 _g7 _lCCODEBUL1 _mBUL _p43.00 _r0 _sY _tBOOK _u2015-7-6 _xINGENIERIA _PP06 _0COMPRA _o.STAFF. Colección General _d49986 |
||
| 980 |
_81 _gALBERTO SANCHEZ Responsable de Automatización |
||